Green Logos Close-Up Quiz Stats

 Plays Quiz Updated Jun 28, 2018

Score 0/20 Timer 06:00
0 Plays Today
Hint Answer % Correct
Starbucks
98.5%
Sprite
98%
Monster Energy
95.8%
XBox 360
91.4%
7-Eleven
90.2%
BP
85.5%
New York Jets
83.3%
Android
82.1%
Holiday Inn
82%
John Deere
81.8%
Hint Answer % Correct
Tropicana
81.6%
Land Rover
79.1%
Lacoste
78.1%
Subway
76.4%
Green Bay Packers
75.7%
Boston Celtics
75.6%
Spotify
69.6%
Tic-Tac
67.2%
Whole Foods
63.9%
Girl Scouts of the USA
51.7%

You're not logged in!

Compare scores with friends on all Sporcle quizzes.
OR
Log In

Sporcle TV

Today on Sporcle TV


Watch our educational content, quiz creation guides, and fun videos on Sporcle TV.

Show Comments

Extras

Top Quizzes Today


Score Distribution

Your Account Isn't Verified!

In order to create a playlist on Sporcle, you need to verify the email address you used during registration. Go to your Sporcle Settings to finish the process.

Report this User

Report this user for behavior that violates our Community Guidelines.

Details: